| 000 | 00477nam a2200181Ia 4500 | ||
|---|---|---|---|
| 008 | 130318s9999 xx 000 0 und d | ||
| 020 | _a9789350232927 | ||
| 082 | _a005.432A BUR/H | ||
| 100 | _aBurnette, Ed | ||
| 245 | _aHello Android: Introducing Google's mobile development platform | ||
| 250 | _a3 | ||
| 260 |
_bShroff Publishers _aU.S.A _c2010 |
||
| 300 | _a293 | ||
| 650 | _aANDROID | ||
| 650 | _aGOOGLE | ||
| 650 | _aMOBILE DEVELOPMENT | ||
| 650 | _aOPERATING SYSTEMS | ||
| 999 |
_c2156 _d2156 |
||